00613nam a2200253Ia 4500008004100000020001800041050001000059050001400069100001700083245001700100245003200117245002000149260001500169260001700184260000900201300002100210300002000231300001000251650002000261650001700281650003100298700001100329999001900340170711s9999 xx 000 0 und d a9780892968275 a248.4 bM612 2007 aMeyer, Joyce aI dare you : bembrace life with passion / cby Joyce Meyer. aNew York : bFaith Words, c2007 axii, 295 pages : billustrations ; c17cm. aChristian life. aReligion --  xChristian life -- General. aTitle. c339958d339958